Globus-Gurus: Das Unmögliche Länder-Quiz - Statistiken

Allgemein
  • Dieses Quiz wurde 67 mal gespielt
  • Das Durchschnittsergebnis liegt bei 6 aus 15
Antwortstatistiken
Hint Antwort % Korrekt
Welches Land besitzt die südlichste Landgrenze der Welt? Chile
93%
Welches Land liegt dem „unzugänglichsten Punkt der Erde“ (Point Nemo) am nächsten? Chile
93%
Welches Land hat die nördlichste dauerhaft bewohnte Siedlung der Erde? Kanada
85%
Welches Land teilt sich die meisten dreifachen Grenzpunkte (Tripoints) mit anderen Staaten? China
61%
Welches Land hat den geographisch am weitesten vom Äquator entfernten Punkt außerhalb der Antarktis? Dänemark
56%
Welches Land hat die niedrigste durchschnittliche Geländeneigung (am flachsten)? Niederlande
56%
Welches Land hat den höchsten prozentualen Anteil an Binnengewässern? Finnland
47%
Welches Land besitzt die östlichste Hauptstadt der Welt (nach geographischer Länge)? Kiribati
42%
Welches einzige Land der Welt hat eine Flagge, die vollständig aus einer einzigen Farbe besteht (offiziell historisch anerkannt)? Libyen
37%
Welches Land hat die am stärksten nach außen gewölbte Landgrenze (größter „Längenbogen“)? Indien
34%
Welches Land hat seine Hauptstadt am nächsten an einem internationalen Dreiländereck? Slowakei
17%
Welches Land hat den tiefsten Punkt eines Binnenstaates auf der Erde? Jordanien
10%
Welches Land hat die meisten Enklaven innerhalb eines einzigen anderen Landes? Aserbaidschan
3%
Welches Land besitzt die längste Küste, ohne Inseln zu besitzen? Somalia
3%
Welches einzige Land der Welt grenzt an genau fünf Länder, die alle aneinandergrenzen? Tansania
3%
Keine übereinstimmenden Quizze gefunden
Verteilung der Resultate
Anzahl Personen mit jedem Resultat
Perzentil nach korrekt beantworteten Fragen
Ihre Resultats-Entwicklung
Sie haben dieses Quiz noch nicht gespielt